| 000 | 00449nam a2200181Ia 4500 | ||
|---|---|---|---|
| 005 | 20240823011619.0 | ||
| 008 | 240823s9999||||xx |||||||||||||| ||und|| | ||
| 082 | _A658.15 P1 | ||
| 100 | _a"Van Home,James C" | ||
| 245 | 0 | _aFundamentals of Management | |
| 250 | _a11th | ||
| 260 |
_c2001 _b"Pearson,Singapore" |
||
| 500 | _aYES | ||
| 650 |
_aManagement _bManagement Studies |
||
| 700 | _a" Wachowich,John M" | ||
| 942 | _cBK | ||
| 999 |
_c162045 _d162045 |
||